[Event "GER-chT School WK 4"]
[Site "Playchess.com INT"]
[Date "2020.06.16"]
[Round "5.4"]
[White "Benzin, Oliver"]
[Black "Rosenkranz, Anton"]
[Result "0-1"]
[WhiteElo "1620"]
[BlackElo "1524"]
[PlyCount "150"]
[EventDate "2020.06.16"]
[EventType "team-swiss (blitz)"]
[EventRounds "5"]
[EventCountry "GER"]
[SourceTitle "EXT 2021"]
[Source "ChessBase"]
[SourceDate "2020.10.23"]
[SourceVersion "1"]
[SourceVersionDate "2020.10.23"]
[SourceQuality "1"]
[WhiteTeam "Nauen Leon Da Vinci"]
[BlackTeam "Eppendorf Johanneum"]
[WhiteTeamCountry "GER"]
[BlackTeamCountry "GER"]

1. e4 d5 2. exd5 Nf6 3. Nc3 Nxd5 4. Bc4 Nxc3 5. dxc3 Nc6 6. Bd2 e6 7. Ne2 Bc5 8. 0-0 0-0 9. b4 Bd6 10. Bb3 b6 11. Be3 Bb7 12. f4 e5 13. Rf3 Nxb4 14. cxb4 Bxf3 15. gxf3 Bxb4 16. Kf2 exf4 17. Bxf4 Bd6 18. c3 Bxf4 19. Bc2 Qxd1 20. Rxd1 Bxh2 21. f4 Rad8 22. Kg2 Bxf4 23. Nxf4 Rxd1 24. Bxd1 Rd8 25. Bf3 Rd2+ 26. Kg3 Rxa2 27. Nd5 c5 28. Bg4 Ra3 29. Kf4 b5 30. Ke4 a5 31. Be2 b4 32. cxb4 axb4 33. Bd3 b3 34. Ne7+ Kf8 35. Nd5 Ra4+ 36. Ke3 Rd4 37. Nf4 g6 38. Bb1 f5 39. Ne6+ Ke7 40. Nxd4 cxd4+ 41. Kxd4 h5 42. Ke3 Kf6 43. Kf4 g5+ 44. Kg3 f4+ 45. Kf3 Ke5 46. Be4 h4 47. Ba8 b2 48. Be4 Kf6 49. Bb1 Kg7 50. Kg4 Kh6 51. Kf5 Kh5 52. Bc2 h3 53. Be4 h2 54. Bf3+ Kh4 55. Be4 h1Q 56. Bxh1 b1Q+ 57. Be4 Qb5+ 58. Ke6 Qc4+ 59. Bd5 Qd4 60. Kd6 g4 61. Ke6 Kg5 62. Kd6 f3 63. Kc6 f2 64. Bg2 Qc4+ 65. Kd6 f1Q 66. Bxf1 Qxf1 67. Kc7 Qd3 68. Kb8 Qd7 69. Ka8 Kf6 70. Kb8 Ke6 71. Ka8 Kd6 72. Kb8 Kc6 73. Ka8 Qd8+ 74. Ka7 Qb6+ 75. Ka8 Qb7# 0-1